Plus grandes villes du Finistère - Statistiques

Statistiques générales
  • Ce quiz a été pris 414 fois
  • Le résultat moyen est 7 sur 10
Statistiques - réponses
population réponse % Correct
139 926 Brest
100%
63 283 Quimper
98%
14 845 Morlaix
82%
19 816 Concarneau
80%
15 918 Landerneau
73%
14 000 Douarnenez
62%
15 050 Guipavas
58%
12 220 Quimperlé
58%
13 161 Plougastel-Daoulas
47%
13 496 Plouzané
32%
Aucun quiz correspondant
Distribution des résultats
% des personnes avec chaque résultat
Percentile par nombre de réponses
Votre historique - résultats
Vous n’avez pas pris ce quiz